000 00324pab a2200145 454500
008 180718b1987 xxu||||| |||| 00| 0 eng d
100 _aBalachandran, Geetha
245 _aHostels for working women
260 _c1987
300 _a7-10
362 _aFeb.
650 _aWomen
773 _aSocial Welfare
909 _a20731
999 _c20731
_d20731